Generalist medicine and the U.S. health system
Generalist Medicine and U.S. Health Policy contains new contributions from preeminent authorities and a selection of groundbreaking articles and reports from the past forty years. Generalist Medicine and U.S. Health Policy covers a broad range of topics that: examines the current challenges of prima...
में बचाया:
| स्वरूप: | पुस्तक |
|---|---|
| भाषा: | Undetermined |
| प्रकाशित: |
San Francisco
Jossey-Bass
2004
|
| विषय: | |
| टैग : |
टैग जोड़ें
कोई टैग नहीं, इस रिकॉर्ड को टैग करने वाले पहले व्यक्ति बनें!
|
| Thư viện lưu trữ: | Trung tâm Học liệu Trường Đại học Cần Thơ |
|---|
| LEADER | 01250nam a2200205Ia 4500 | ||
|---|---|---|---|
| 001 | CTU_166054 | ||
| 008 | 210402s9999 xx 000 0 und d | ||
| 020 | |c 70 | ||
| 082 | |a 362.10973 | ||
| 082 | |b G326 | ||
| 245 | 0 | |a Generalist medicine and the U.S. health system | |
| 245 | 0 | |c Editors Stephen L. Isaacs, James R. Knickman | |
| 260 | |a San Francisco | ||
| 260 | |b Jossey-Bass | ||
| 260 | |c 2004 | ||
| 520 | |a Generalist Medicine and U.S. Health Policy contains new contributions from preeminent authorities and a selection of groundbreaking articles and reports from the past forty years. Generalist Medicine and U.S. Health Policy covers a broad range of topics that: examines the current challenges of primary care and generalist medicine, offers a chronological history of the growth of generalist medicine since the 1950s, reviews the models of care on which generalist medicine is based and analyzes the growt. | ||
| 650 | |a Medical care,Family medicine,Physicians (General practice),Chăm sóc y tế,Thuốc gia đình,Bác sĩ (Tổng quát) | ||
| 650 | |z United States,United States,United States,Hoa Kỳ,Hoa Kỳ,Hoa Kỳ | ||
| 904 | |i Ngoc Mai, Bạch Trúc | ||
| 980 | |a Trung tâm Học liệu Trường Đại học Cần Thơ | ||